[Event "Druzynowe Mistrzostwa Polski Juniorow - II liga"]
[Site "Sypniewo k. Jastrowia"]
[Date "2023-06-21"]
[Round "8.64"]
[White "Nieckarz, Maja"]
[Black "Czerwinska, Oliwia"]
[Result "1/2-1/2"]
[WhiteTitle "I++"]
[BlackTitle "I"]
[WhiteElo "1514"]
[BlackElo "1431"]

1. e4 2. e6 3. d4 4. d5 5. Nc3 6. Bb4 7. exd5 8. exd5 9. Bd3 10. c6 11. Ne2 12.
Ne7 13. Bf4 14. O-O 15. O-O 16. Ng6 17. Qd2 18. Nd7 19. Ng3 20. Nf6 21. Bg5 22.
Qd6 23. a3 24. Ba5 25. Nf5 26. Bxf5 27. Bxf5 28. Bc7 29. g3 30. h6 31. Bxf6 32.
Qxf6 33. Qd3 34. Ne7 35. Bh3 36. Rfe8 37. b4 38. g5 39. Nd1 40. Qg6 41. Qxg6+
42. Nxg6 43. Ne3 44. Re4 45. c3 46. Rae8 47. Bf5 48. R4e7 49. Bd3 50. Rd7 51.
a4 52. Ne7 53. Rfe1 54. Rdd8 55. Ng4 56. Kg7 57. Re2 58. Ng8 59. Rae1 60. Kf8
61. Bf5 62. Rxe2 63. Rxe2 64. h5 65. Ne5 66. Bxe5 67. dxe5 68. Nh6 69. Bd3 70.
Re8 71. h3 72. g4 73. hxg4 74. hxg4 75. Kg2 76. f6 77. exf6 78. Rxe2 79. Bxe2
80. Kf7 81. f3 82. gxf3+ 83. Bxf3 Kxf6 84. a5 85. Ke5 86. Kf2 87. d4 88. cxd4+
89. Kxd4 90. a6 91. bxa6 1/2-1/2

[Event "Druzynowe Mistrzostwa Polski Juniorow - II liga"]
[Site "Sypniewo k. Jastrowia"]
[Date "2023-06-21"]
[Round "8.66"]
[White "Syrkiewicz, Michal"]
[Black "Mastej, Krzysztof"]
[Result "1-0"]
[WhiteTitle "k"]
[BlackTitle "II+"]
[WhiteElo "1945"]
[BlackElo "1502"]

1. e4 2. c5 3. Nf3 4. e6 5. d4 6. cxd4 7. Nxd4 8. Nc6 9. Nc3 10. Qc7 11. f4 12.
a6 13. Be3 14. b5 15. Nb3 16. Bb7 17. Bd3 18. Be7 19. Qf3 20. d6 21. O-O 22. Nf6
23. a4 24. b4 25. Ne2 26. O-O 27. a5 28. d5 29. e5 30. Nd7 31. Qh3 32. g6 33.
Kh1 34. Rfd8 35. Ng1 36. d4 37. Nxd4 Nxd4 38. Bxd4 39. Nc5 40. Bxc5 41. Bxc5 42.
Nf3 43. Kg7 44. Ng5 45. h6 46. Ne4 47. Be7 48. Qe3 49. Rd5 50. Qb6 51. Qd7 52.
Nd6 53. Bxd6 54. exd6 55. Rb8 56. Kg1 57. Qxd6 58. Qxd6 59. Rxd6 60. b3 61. Rc8
62. Kf2 63. Rc5 64. Ra4 65. Rd4 66. Ke3 67. Rd7 68. g3 69. Bc6 70. Rxb4 71. Rxa5
72. Rb6 73. Bb7 74. c4 75. Ra2 76. c5 77. Bd5 78. Rc1 79. Ra3 80. c6 81. Rc7 82.
Rc3 83. a5 84. Kd4 85. Kf6 86. Kc5 87. Ke7 88. Bc4 89. Bg2 90. Rd3 91. Ra1 92.
Rd2 93. Bf3 94. Ra6 95. g5 96. fxg5 97. hxg5 98. Bb5 99. Bd5 100. Kb6 101. Kd6
102. Ra8 103. Re7 104. Rd8+ 105. Ke5 106. Rd7 107. Re8 108. c7 109. Rc1 110. R7xd5+
1-0

[Event "Druzynowe Mistrzostwa Polski Juniorow - II liga"]
[Site "Sypniewo k. Jastrowia"]
[Date "2023-06-21"]
[Round "8.67"]
[White "Wegrzyn, Samuel"]
[Black "Olszewski, Antoni"]
[Result "0-1"]
[WhiteTitle "II+"]
[BlackTitle "I"]
[WhiteElo "1384"]
[BlackElo "1767"]

1. e4 2. c5 3. Nf3 4. e6 5. d4 6. cxd4 7. Nxd4 8. Nc6 9. Nc3 10. Qc7 11. Be3 12.
a6 13. Qd2 14. Nf6 15. f3 16. b5 17. O-O-O 18. b4 19. Nce2 20. d5 21. Nf4 22.
Nxd4 23. Qxd4 24. dxe4 25. fxe4 26. Bb7 27. e5 28. Nd5 29. b3 30. Nxe3 31. Qxe3
32. Bc5 33. Qg3 34. Qxe5 35. Kb1 36. g5 37. Qd3 38. O-O 39. Nh5 40. Rac8 41. Qg3
42. Qxg3 43. Nxg3 44. Rfd8 45. Bd3 46. Bxg2 47. Rhe1 48. a5 49. Ne4 50. Bxe4 51.
Rxe4 52. Bd4 53. Rg4 54. Bf6 55. a3 56. h5 57. Rg2 58. h4 59. Rg4 60. Rd4 61.
Rxd4 62. Bxd4 63. Bh7+ 64. Kxh7 65. Rxd4 66. Rb8 67. Rd7 68. Kg6 69. Ra7 70. Rb5
71. a4 72. Rc5 73. Rb7 74. g4 75. Rd7 76. g3 77. Rd2 78. f5 79. hxg3 80. hxg3
81. Rg2 82. f4 83. Kc1 84. Rg5 85. Kd2 86. f3 0-1

[Event "Druzynowe Mistrzostwa Polski Juniorow - II liga"]
[Site "Sypniewo k. Jastrowia"]
[Date "2023-06-21"]
[Round "8.68"]
[White "Chmielnicki, Michal"]
[Black "Oberc, Szymon"]
[Result "0-1"]
[WhiteTitle "II"]
[BlackTitle "II+"]
[WhiteElo "1087"]
[BlackElo "1427"]

1. e4 2. e5 3. Nf3 4. Nc6 5. Bc4 6. Bc5 7. d3 8. Nf6 9. Nc3 10. h6 11. Be3 12.
Bb6 13. h3 d6 14. Bxb6 15. axb6 16. d4 17. exd4 18. Nxd4 19. Nxd4 20. Qxd4 21.
O-O 22. O-O-O 23. Bd7 24. f4 25. Bc6 26. g4 27. Re8 28. Rhe1 29. Nd7 30. Rf1 31.
Qf6 32. e5 33. dxe5 34. fxe5 35. Qg5+ 36. Kb1 37. Re7 38. Nd5 39. Bxd5 40. Qxd5
41. c6 42. Qd6 43. Nxe5 44. Bb3 45. Rae8 46. Qb4 47. Qe3 48. Rd8 49. Qc5 50. Rxe8+
51. Rxe8 52. Qf4 53. Re7 54. g5 55. hxg5 56. Qxg5 57. Nd7 58. Qg4 59. Nf6 60.
Qg2 61. Qe3 62. a3 63. Ne4 64. Rg1 65. Nd2+ 66. Ka2 67. Qh6 68. Rd1 69. Nxb3 70.
Rd8+ 71. Kh7 72. Kxb3 73. Qe6+ 74. c4 75. b5 76. Qg4 77. Qxg4 78. hxg4 79. bxc4+
80. Kxc4 81. Re4+ 82. Kb3 83. Rxg4 84. Rd7 85. f5 86. Rxb7 87. f4 88. Rf7 89.
Kg6 90. Rf8 91. Kg5 92. a4 93. Rg3+ 94. Kc4 95. Kg4 96. a5 97. Rg1 98. Kc5 99.
Ra1 100. b4 101. Rc1+ 102. Kb6 103. Rb1 104. Kc5 105. Rc1+ 106. Kb6 107. Rc4 108.
b5 109. cxb5 110. Kxb5 111. Rc1 112. a6 113. Ra1 114. Kb6 115. g5 116. a7 117.
f3 0-1

[Event "Druzynowe Mistrzostwa Polski Juniorow - II liga"]
[Site "Sypniewo k. Jastrowia"]
[Date "2023-06-21"]
[Round "8.69"]
[White "Panasiuk, Stanislaw"]
[Black "Wasilewski, Dawid"]
[Result "1-0"]
[WhiteTitle "II"]
[BlackTitle "II"]
[WhiteElo "1200"]
[BlackElo "1145"]

1. e4 2. e5 3. Nf3 4. Nc6 5. d4 6. exd4 7. Bc4 8. Bc5 9. c3 10. d6 11. cxd4 12.
Bb4+ 13. Bd2 14. Bxd2+ 15. Nbxd2 16. Bg4 17. Qa4 18. Qd7 19. Bb5 20. a6 21. d5
22. axb5 23. Qxa8+ 24. Nd8 25. O-O 26. Nf6 27. Qa3 28. O-O 29. h3 30. Bh5 31.
Rac1 32. h6 33. Qc3 34. c5 35. dxc6 36. bxc6 37. e5 38. Nh7 39. exd6 40. Qxd6
41. Qe5 42. Qg6 43. Nh4 44. Qd3 45. Qxh5 46. Qxd2 47. Qe5 48. f6 49. Qe7 50. Ng5
51. Rcd1 52. Qa5 53. Ng6 54. Nde6 55. Nxf8 56. Nxf8 57. Rd8 58. Ne6 59. Qxe6+
60. Kh7 61. Rxf8 62. Qd2 63. Qe4+ 64. g6 65. Qe7# 1-0

[Event "Druzynowe Mistrzostwa Polski Juniorow - II liga"]
[Site "Sypniewo k. Jastrowia"]
[Date "2023-06-22"]
[Round "9.1"]
[White "Stachecki, Mikolaj"]
[Black "Bajer, Tomasz"]
[Result "1-0"]
[WhiteTitle "I++"]
[BlackTitle "I"]
[WhiteElo "2016"]
[BlackElo "1485"]

1. e4 2. Nf6 3. e5 4. Nd5 5. d4 6. d6 7. c4 8. Nb6 9. exd6 10. cxd6 11. Nc3 12.
g6 13. Bg5 Bg7 14. Rc1 15. Nc6 16. d5 17. Ne5 18. Be2 19. Nbxc4 20. Bxc4 21. Nxc4
22. Qa4+ 23. Bd7 24. Qxc4 25. Qb6 26. Qb3 27. Qa6 28. Nge2 29. O-O 30. O-O 31.
Rae8 32. Rfe1 33. e5 34. dxe6 35. Bxe6 36. Qd1 37. d5 38. Nd4 39. Qb6 40. Nb3
41. d4 42. Ne2 43. Bg4 44. Qd2 45. h6 46. Bf4 47. g5 48. Bc7 49. Qa6 50. Nexd4
51. Rxe1+ 52. Rxe1 53. Rc8 54. Ba5 55. b6 56. Bc3 57. Rd8 58. Qe3 59. Qc4 60.
a3 61. a5 62. Nd2 63. Qd5 64. N2f3 65. Bc8 66. h3 67. Bb7 68. Ne2 69. Bf8 70.
Qxb6 71. Rd6 72. Qxa5 73. Qe4 74. Qe5 75. Qh7 76. Ng3 77. f6 78. Qe8 79. Bc6 80.
Qc8 81. h5 82. Bb4 83. Qd7 84. Qxd7 85. Rxd7 86. Bxf8 87. Kxf8 88. Nxh5 89. Kf7
90. b4 91. Rd3 92. Re3 93. Rd1+ 94. Kh2 95. Rd5 96. Rc3 97. Bb5 98. Rc5 1-0

[Event "Druzynowe Mistrzostwa Polski Juniorow - II liga"]
[Site "Sypniewo k. Jastrowia"]
[Date "2023-06-22"]
[Round "9.2"]
[White "Spytek, Hubert"]
[Black "Starosciak, Szymon"]
[Result "0-1"]
[WhiteTitle "II+"]
[BlackTitle "I++"]
[WhiteElo "1440"]
[BlackElo "1928"]

1. d4 2. Nf6 3. c4 4. e6 5. Nf3 6. Bb4+ 7. Bd2 8. Be7 9. Nc3 10. d5 11. e3 12.
O-O 13. Be2 14. c5 15. cxd5 16. exd5 17. dxc5 18. Bxc5 19. O-O 20. Nc6 21. Rc1
22. Qe7 23. a3 24. Rd8 25. b4 26. Bd6 27. Nb5 28. Bb8 29. Nbd4 30. Nxd4 31. Nxd4
32. Ne4 33. Bc3 34. Qc7 35. Nf3 36. Nxc3 37. Qd2 38. Nxe2+ 39. Qxe2 40. Qd6 41.
Rfd1 42. Bg4 43. e4 44. Qxh2+ 45. Nxh2 46. Bxe2 47. Rxd5 48. Bxh2+ 49. Kxh2 50.
b5 51. Rc7 52. Bc4 53. Rdc5 54. g6 55. a4 56. a6 57. a5 58. Kg7 59. e5 60. h5
61. R5c6 62. Kf8 63. Rb6 64. Bd5 65. f4 66. Be6 67. Rcc6 68. Rd4 69. g3 70. Rxb4
71. Rxa6 72. Rb2+ 73. Kg1 74. Rxa6 75. Rxa6 76. b4 77. Ra8+ 78. Kg7 79. a6 80.
b3 81. a7 82. Ra2 0-1

[Event "Druzynowe Mistrzostwa Polski Juniorow - II liga"]
[Site "Sypniewo k. Jastrowia"]
[Date "2023-06-22"]
[Round "9.3"]
[White "Prokopiuk, Jakub"]
[Black "Nowakowski, Maksymilian"]
[Result "0-1"]
[WhiteTitle "I"]
[BlackTitle "I"]
[WhiteElo "1522"]
[BlackElo "1646"]

1. e4 2. e6 3. d4 4. d5 5. e5 6. c5 7. c3 8. Qb6 9. Nf3 10. Nc6 11. Bd3 12. cxd4
13. O-O 14. Bd7 15. Nbd2 16. dxc3 17. bxc3 18. Na5 19. Rb1 20. Qc7 21. Qc2 22.
Ne7 23. Ba3 24. Nec6 25. Bxf8 26. Kxf8 27. Rfe1 28. h6 29. h3 Rc8 30. c4 31. dxc4
32. Nxc4 33. Nxc4 34. Qxc4 35. Ne7 36. Qb4 37. Bc6 38. Rec1 39. Qd7 40. Be4 41.
Bxe4 42. Rxc8+ 43. Qxc8 44. Qxe4 45. Nd5 46. Qd4 47. b6 48. Qa4 49. Qc7 50. Qa3+
51. Kg8 52. Rc1 53. Qb8 54. Qd6 55. Kh7 56. Qd7 57. Rf8 58. a3 59. Kg8 60. Qa4
61. Rd8 62. Qc6 Kf8 63. a4 64. a5 65. Qc4 66. Rd7 67. Qc8+ 68. Qxc8 69. Rxc8+
Ke7 70. Kf1 71. Nf4 72. Kg1 73. Rb7 74. Ra8 75. Ne2+ 76. Kf1 77. Nc3 78. Nd4 79.
Nxa4 80. Nc6+ 81. Kd7 82. Nd8 83. Rc7 84. Nxf7 85. Kc6 86. Nd6 87. Nc3 88. Ne8
89. Re7 90. Rc8+ 91. Kd7 92. Rxc3 93. Rxe8 94. Ke2 95. Rc8 96. Rd3+ 97. Kc7 98.
Rc3+ 99. Kb7 100. Rd3 101. a4 102. Kd2 103. Ka6 104. f4 105. Ka5 106. g4 107.
Rc5 108. Re3 109. Kb4 110. f5 111. a3 112. f6 113. a2 114. fxg7 115. Rc8 116.
Re1 117. Kb3 118. Ke3 119. b5 120. Kf4 121. Rg8 122. Re3+ Ka4 123. Re1 124. Rxg7
0-1

[Event "Druzynowe Mistrzostwa Polski Juniorow - II liga"]
[Site "Sypniewo k. Jastrowia"]
[Date "2023-06-22"]
[Round "9.4"]
[White "Goraj, Barbara"]
[Black "Gornisiewicz, Natalia"]
[Result "1-0"]
[WhiteTitle "WCM"]
[BlackTitle "I++"]
[WhiteElo "2176"]
[BlackElo "1533"]

1. d4 2. Nf6 3. c4 4. g6 5. Nc3 6. Bg7 7. e4 8. d6 9. h3 10. O-O 11. Be3 12. Nbd7
13. Nf3 14. b6 15. Qc2 16. c5 17. d5 18. Ne8 19. Bd3 20. Nc7 21. g4 22. e6 23.
g5 24. Re8 25. O-O-O 26. exd5 27. exd5 28. Ne5 29. Nxe5 30. Bxe5 31. Rde1 32.
f5 33. gxf6 34. Bxf6 35. Rhg1 36. Bg7 37. Rg3 38. Be5 39. Bxg6 40. Bxg3 41. Bxe8
42. Nxe8 43. Rg1 44. a6 45. Rxg3+ 46. Kh8 47. Ne4 48. Ra7 49. Qc3+ 50. Ng7 51.
Bh6 52. Qf8 53. Nxd6 54. Bxh3 55. Ne8 56. Qxe8 57. Rxg7 1-0

[Event "Druzynowe Mistrzostwa Polski Juniorow - II liga"]
[Site "Sypniewo k. Jastrowia"]
[Date "2023-06-22"]
[Round "9.5"]
[White "Owczarek, Hanna"]
[Black "Rusiecki, Katarzyna"]
[Result "1/2-1/2"]
[WhiteTitle "I"]
[BlackTitle "I+"]
[WhiteElo "1326"]
[BlackElo "1332"]

1. d4 2. e6 3. c4 4. d5 5. Nc3 6. c6 7. cxd5 8. exd5 9. Nf3 10. Nf6 11. Bg5 12.
Bd6 13. e3 14. Bg4 15. Be2 16. O-O 17. O-O 18. Nbd7 19. a3 20. Qc7 21. h3 22.
Bh5 23. b4 24. h6 25. Bxf6 26. Nxf6 27. Qb3 28. Ne4 29. Ra2 30. Bxf3 31. Bxf3
32. Ng5 33. Be2 34. Qd7 35. Bg4 36. f5 37. Be2 38. f4 39. Bg4 40. Qf7 41. h4 42.
Nh7 43. e4 44. Nf6 45. Bh3 46. Be7 47. e5 48. Nh5 49. Ne4 50. f3 51. Nc5 52. Qg6
53. Kh2 54. fxg2 55. Bxg2 56. Qg4 57. Qc3 58. Bxh4 59. Nxb7 60. Nf4 61. Qf3 62.
Qxf3 63. Bxf3 64. Ne6 65. Bg4 66. Nxd4 67. f4 68. Nf5 69. Bxf5 70. Rxf5 71. Nd6
72. Rff8 73. Rc2 74. a5 75. Rxc6 76. axb4 77. axb4 78. Ra2+ 79. Kh3 80. Be7 81.
f5 82. Re2 83. e6 84. Re5 85. Nf7 86. Re3+ 87. Kg4 88. Bxb4 89. Rd1 90. Be7 91.
Rxd5 92. Rxf7 93. exf7+ 94. Kxf7 95. Rd7 96. Re4+ 97. Kf3 98. Re1 99. Rcc7 100.
Re5 1/2-1/2

[Event "Druzynowe Mistrzostwa Polski Juniorow - II liga"]
[Site "Sypniewo k. Jastrowia"]
[Date "2023-06-22"]
[Round "9.6"]
[White "Garwacki, Kornel"]
[Black "Kolodziejski, Piotr"]
[Result "1/2-1/2"]
[WhiteTitle "I"]
[BlackTitle "k"]
[WhiteElo "1778"]
[BlackElo "2049"]

1. e4 2. c5 3. c4 4. e5 5. Nc3 6. Nc6 7. g3 8. g6 9. Bg2 10. Bg7 11. d3 12. Nge7
13. Nge2 14. O-O 15. O-O 16. d6 17. a3 18. f5 19. Bg5 20. h6 21. Bxe7 22. Qxe7
23. Nd5 24. Qf7 25. Rb1 26. Be6 27. b4 28. Qd7 29. bxc5 30. dxc5 31. Qd2 32. Rf7
33. f4 34. Kh7 35. fxe5 36. Bxe5 37. Nef4 38. Bxd5 39. Nxd5 40. fxe4 41. Rxf7+
42. Qxf7 43. Rf1 44. Qg7 45. Bxe4 46. Rf8 47. Nf4 48. Rf6 49. Kg2 50. Kh8 51.
Nxg6+ 52. Rxg6 53. Bxg6 54. Qxg6 55. Qf2 56. Bg7 57. Qxc5 58. Qxd3 59. Rf8+ 60.
Kh7 61. Qf5+ 62. Qxf5 63. Rxf5 64. Kg6 65. Rb5 66. b6 67. Rd5 68. Bf8 69. a4 70.
Bc5 71. g4 72. Na5 73. Rd7 74. Nc6 75. Rc7 76. Ne5 77. Rxa7 78. Nxc4 79. Rc7 80.
Kg5 81. h3 82. Kh4 83. Rc6 84. Kg5 85. Kg3 86. Bd6+ 87. Kg2 88. Bc5 89. Kg3 90.
Bd6+ 91. Kg2 92. Bc5 93. Kg3 94. Bd6+ 1/2-1/2

[Event "Druzynowe Mistrzostwa Polski Juniorow - II liga"]
[Site "Sypniewo k. Jastrowia"]
[Date "2023-06-22"]
[Round "9.7"]
[White "Kejna, Piotr"]
[Black "Nawrocki, Michal"]
[Result "0-1"]
[WhiteTitle "CM"]
[BlackTitle "I"]
[WhiteElo "1991"]
[BlackElo "1595"]

1. e4 2. c5 3. b3 4. d6 5. Bb2 6. Nf6 7. Nc3 8. Nc6 9. Bb5 10. Bd7 11. f4 12. g6
13. Nf3 14. Bg7 15. d3 16. Nh5 17. Qd2 18. O-O 19. Bxc6 20. bxc6 21. O-O-O 22.
Bh6 23. Ne2 24. Bg4 25. Rdf1 26. e5 27. g3 28. Bh3 29. Rf2 30. Qb6 31. Nfg1 32.
Be6 33. Nc3 34. a5 35. Na4 36. Qa7 37. Kb1 38. Rfb8 39. Qe2 40. f6 41. f5 42.
Bf7 43. Nf3 44. gxf5 45. Nh4 46. fxe4 47. Nf5 48. Bf8 49. Qg4+ 50. Kh8 51. Qh4
52. exd3 53. g4 54. dxc2+ 55. Ka1 56. Rb4 57. Ba3 58. Re4 59. Nc3 60. a4 61. bxa4
62. Rc4 63. Rf3 64. Rxa4 65. Nxa4 66. Qxa4 67. gxh5 68. Qxh4 69. Nxh4 70. Bh6
71. Kb2 72. Bxh5 73. Rc3 74. Bd1 75. Rc4 76. Rxa3 77. Rxc2 78. Rxa2+ 79. Kxa2
80. Bxc2 81. Kb2 82. Be4 83. Rf1 84. Bf4 85. h3 86. Kg7 87. Nf3 88. Kg6 89. Rg1+
90. Kh5 91. Ne1 92. Kh4 93. Rg7 94. Kxh3 95. Rf7 96. Bg5 97. Nc2 98. h5 99. Kc3
100. h4 0-1

[Event "Druzynowe Mistrzostwa Polski Juniorow - II liga"]
[Site "Sypniewo k. Jastrowia"]
[Date "2023-06-22"]
[Round "9.8"]
[White "Nowicki, Franciszek"]
[Black "Komendecki, Antoni"]
[Result "0-1"]
[WhiteTitle "II"]
[BlackTitle "I++"]
[WhiteElo "1289"]
[BlackElo "1965"]

1. Nf3 2. c5 3. g3 4. g6 5. Bg2 6. Bg7 7. O-O 8. Nc6 9. d3 10. d6 11. Nbd2 12.
e5 13. e4 14. Nge7 15. Ne1 16. O-O 17. f4 18. f5 19. fxe5 20. dxe5 21. exf5 22.
gxf5 23. Nef3 24. h6 25. Re1 26. Be6 27. Nb3 28. Qd6 29. Be3 30. b6 31. Bd2 32.
Rad8 33. Bc3 34. Nd5 35. Bd2 36. Rfe8 37. Nh4 38. Nce7 39. Bh3 40. Rf8 41. Nf3
42. Ng6 43. Qe2 44. Rde8 45. Kh1 46. e4 47. dxe4 48. fxe4 49. Bxe6+ 50. Rxe6 51.
c4 52. Rxf3 53. cxd5 54. Qxd5 55. Rab1 56. e3 57. Kg1 58. Rf2 59. Qxf2 60. exf2+
61. Kxf2 62. Rxe1 63. Bxe1 64. Qf5+ 0-1

[Event "Druzynowe Mistrzostwa Polski Juniorow - II liga"]
[Site "Sypniewo k. Jastrowia"]
[Date "2023-06-22"]
[Round "9.9"]
[White "Kawulski-chodkiewicz, Alexander"]
[Black "Kurczewski, Borys"]
[Result "1-0"]
[WhiteTitle "I"]
[BlackTitle "II"]
[WhiteElo "1697"]
[BlackElo "1153"]

1. e4 2. c5 3. Nf3 4. e6 5. Nc3 6. Nc6 7. d4 8. cxd4 9. Nxd4 10. Nf6 11. Ndb5 12.
Bb4 13. a3 14. Bxc3+ 15. Nxc3 16. d5 17. exd5 18. exd5 19. Bd3 20. O-O 21. O-O
22. d4 23. Ne2 24. Bg4 25. f3 26. Bh5 27. Bg5 28. Ne5 29. Ng3 30. Bg6 31. Ne4
32. Nxd3 33. Qxd3 34. Qb6 35. Bxf6 36. gxf6 37. Rab1 38. Rfe8 39. Rfe1 40. Re5
41. Kf1 42. Rae8 43. b4 44. f5 45. Nc5 46. Rxe1+ 47. Rxe1 48. Rxe1+ 49. Kxe1 50.
Qd6 51. h3 52. a5 53. Qe2 54. b6 55. Nd3 56. f4 57. Qe8+ 58. Kg7 59. Qe5+ 60.
Qxe5+ 61. Nxe5 62. Bxc2 63. bxa5 64. bxa5 65. Nc6 66. a4 67. Nxd4 68. Bd3 69.
Ne2 70. Kf6 71. Nxf4 72. Bc4 73. Kf2 74. Kf5 75. Ke3 76. Bf1 77. h4 78. h6 79.
g3 80. Bc4 81. Kd4 82. Bb3 83. Nd3 84. Bd1 85. g4+ 86. Kf6 87. Ke3 88. Kg6 89.
Nb2 90. Bb3 91. Kf4 92. Kf6 93. h5 94. Bc2 95. Nc4 96. Bb3 97. Ne3 98. Be6 99.
Nf5 100. Bxf5 101. gxf5 102. Ke7 103. Ke5 104. f6+ 105. Kd5 106. Kd7 107. f4 108.
Ke7 109. Kc6 110. Ke8 111. Kd6 112. Kf7 113. Kd7 114. Kf8 115. Ke6 116. Kg7 117.
Ke7 1-0

[Event "Druzynowe Mistrzostwa Polski Juniorow - II liga"]
[Site "Sypniewo k. Jastrowia"]
[Date "2023-06-22"]
[Round "9.10"]
[White "Michalska, Anna-maria"]
[Black "Romejko, Jagoda"]
[Result "0-1"]
[WhiteTitle "I"]
[BlackTitle "I"]
[WhiteElo "1382"]
[BlackElo "1525"]

1. c4 2. c5 3. Nc3 4. Nf6 5. g3 6. d5 7. cxd5 8. Nxd5 9. Bg2 10. Nc7 11. e3 12.
Nc6 13. Nge2 14. e5 15. f4 16. exf4 17. Nxf4 18. Be7 19. O-O 20. O-O 21. Bxc6
22. bxc6 23. b3 24. Nd5 25. Ba3 26. Ba6 27. Re1 28. Nxf4 29. exf4 30. Qd4+ 31.
Kh1 32. Rfe8 33. Qf3 34. Bb7 35. Qe3 36. Qd7 37. Rad1 38. Bf6 39. Qxc5 40. Bd4
41. Qc4 42. c5+ 43. Ne4 44. Rxe4 0-1

[Event "Druzynowe Mistrzostwa Polski Juniorow - II liga"]
[Site "Sypniewo k. Jastrowia"]
[Date "2023-06-22"]
[Round "9.11"]
[White "Miklosz, Malgorzata"]
[Black "Bartkowiak, Aleksandra"]
[Result "1-0"]
[WhiteTitle "I"]
[BlackTitle "II"]
[WhiteElo "1299"]
[BlackElo "1135"]

1. e4 2. c5 3. Nf3 4. d6 5. d4 6. cxd4 7. Nxd4 8. Nf6 9. Nc3 10. a6 11. g3 12.
b5 13. Bg2 14. Bb7 15. O-O 16. b4 17. Nd5 18. Nxd5 19. exd5 20. a5 21. Bg5 22.
Nd7 23. Nf5 24. Qb6 25. Re1 26. Ne5 27. Be3 28. Qc7 29. f4 30. Nd7 31. Bd4 32.
Nf6 33. Bxf6 34. gxf6 35. Qd4 36. O-O-O 37. c3 38. bxc3 39. Rac1 40. Kb8 41. Rxc3
42. Qd7 43. Qb6 44. Rc8 45. Rec1 46. Rxc3 47. Rxc3 48. h5 49. Nd4 1-0

[Event "Druzynowe Mistrzostwa Polski Juniorow - II liga"]
[Site "Sypniewo k. Jastrowia"]
[Date "2023-06-22"]
[Round "9.12"]
[White "Wolak, Maciej"]
[Black "Rychlik, Michal"]
[Result "0-1"]
[WhiteTitle "II"]
[BlackTitle "I"]
[WhiteElo "1317"]
[BlackElo "1839"]

1. e4 2. Nc6 3. d4 4. d5 5. exd5 6. Qxd5 7. Be3 8. e5 9. dxe5 10. Qxd1+ 11. Kxd1
12. Bg4+ 13. f3 14. O-O-O 15. Nd2 16. Bf5 17. Ne2 18. Nxe5 19. Nd4 20. Bg6 21.
N4b3 22. Nf6 23. Bg5 24. Be7 25. Rc1 26. Rhe8 27. Ke1 28. h6 29. Bh4 30. Bb4 31.
Be2 32. Nd3+ 33. cxd3 34. Bxd3 35. Bxf6 36. gxf6 37. a3 38. Rxe2+ 39. Kd1 40.
Bxd2 41. Nxd2 42. Bb5 43. Rc2 44. Rxg2 45. b3 46. Bc6 47. Kc1 48. Re8 49. h4 50.
Ree2 51. Rd1 52. Bxf3 53. Rc3 54. Bg4 55. Rd3 56. b6 57. Rd4 58. f5 59. a4 60.
a5 61. Rc4 62. Rh2 63. b4 64. axb4 65. Rxb4 66. Rhf2 67. Rb3 68. h5 69. Rc3 70.
f4 71. Nc4 72. Ra2 73. Nxb6+ 74. Kb7 75. Rb3 76. Ra1+ 77. Rb1 0-1

[Event "Druzynowe Mistrzostwa Polski Juniorow - II liga"]
[Site "Sypniewo k. Jastrowia"]
[Date "2023-06-22"]
[Round "9.13"]
[White "Haluja, Wiktor"]
[Black "Khimichenko, Dmytro"]
[Result "1/2-1/2"]
[WhiteTitle "II+"]
[BlackTitle "I"]
[WhiteElo "1573"]
[BlackElo "1457"]

1. e4 d5 2. exd5 3. Qxd5 4. Nc3 5. Qd8 6. d4 7. Nf6 8. Nf3 9. Bg4 10. h3 11. Bxf3
12. Qxf3 13. c6 14. Be3 15. e6 16. Bc4 17. Bd6 18. g4 19. Nbd7 20. g5 21. Nd5
22. Nxd5 23. cxd5 24. Bd3 25. Qb6 26. O-O 27. Qc7 28. Qh5 29. g6 30. Qf3 31. Rf8
32. c4 33. dxc4 34. Rac1 35. Qd8 36. Bxc4 37. Rb8 38. Rfe1 39. b5 40. Bb3 41.
a5 42. Bf4 43. Bxf4 44. Qxf4 45. Rb6 46. Rc7 47. a4 48. Bd5 49. Qb8 50. Rec1 51.
Kd8 52. Rc8+ 53. Qxc8 54. Rxc8+ 55. Kxc8 56. Bf3 57. f6 58. Qe4 59. fxg5 60. Qa8+
61. Rb8 62. Qc6+ 63. Kd8 64. Kg2 65. Ke7 66. Bg4 67. Rb6 68. Qc7 69. Rd6 70. Qc3
71. Rf4 72. Be2 73. b4 74. Qxb4 75. Rxd4 76. Qc3 77. e5 78. Qg3 79. h6 80. Bb5
81. R6d5 82. Qa3+ Nc5 83. Bc6 1/2-1/2

[Event "Druzynowe Mistrzostwa Polski Juniorow - II liga"]
[Site "Sypniewo k. Jastrowia"]
[Date "2023-06-22"]
[Round "9.14"]
[White "Pekala, Dawid"]
[Black "Majcher, Igor"]
[Result "0-1"]
[WhiteTitle "I"]
[BlackTitle "I"]
[WhiteElo "1534"]
[BlackElo "1732"]

1. e4 2. c5 3. Nc3 4. a6 5. a4 6. e6 7. f4 8. d5 9. e5 10. Nc6 11. Nf3 12. h5 13.
Be2 14. Nh6 15. O-O 16. Be7 17. Kh1 18. g6 19. d3 20. Nf5 21. Bd2 22. b6 23. Na2
24. Bb7 25. c3 d4 26. c4 27. Kf8 28. b3 29. Kg7 30. Qc1 31. a5 32. Re1 33. h4
34. Kg1 35. Qc7 36. Bd1 37. Rag8 38. Kh1 39. Nb8 40. Kg1 41. Nd7 42. Rb1 43. Kf8
44. Ra1 45. Ke8 46. Rb1 47. Nf8 48. Ra1 49. Qc6 50. Rb1 51. Nh7 52. Re2 53. h3
54. Rf2 55. hxg2 56. Rxg2 57. Nf8 58. Be2 59. Rh3 60. Qf1 61. Rgh8 62. Rf2 Ng3
0-1

[Event "Druzynowe Mistrzostwa Polski Juniorow - II liga"]
[Site "Sypniewo k. Jastrowia"]
[Date "2023-06-22"]
[Round "9.15"]
[White "Bilochenko, Matvii"]
[Black "Wolak, Jan"]
[Result "1-0"]
[WhiteTitle "II+"]
[BlackTitle "II"]
[WhiteElo "1438"]
[BlackElo "1394"]

1. d4 2. Nf6 3. Nf3 4. e6 5. e3 6. b6 7. Bd3 8. Bb7 9. Nbd2 10. d5 11. O-O 12.
c5 13. b3 14. Bd6 15. Bb2 16. O-O 17. Ne5 18. Nc6 19. f4 20. Ne7 21. Qf3 22. Qc7
23. Qh3 24. Ne4 25. Bxe4 26. dxe4 27. c4 28. f5 29. Rfd1 30. Nc6 31. Nf1 32. Bxe5
33. dxe5 34. Nb4 35. Rd6 36. Nd3 37. Bc3 38. Qe7 39. Be1 40. Nxe1 41. Rxe1 42.
Rad8 43. Red1 44. Rxd6 45. exd6 46. Qd7 47. Qh4 48. Rf7 49. Ng3 50. g6 51. Ne2
52. Kg7 53. Qe1 54. h6 55. Qc3+ 56. Kh7 57. Qe5 58. Bc6 59. a3 60. a5 61. Qc3
62. Qa7 63. b4 64. axb4 65. axb4 66. Qa2 67. Kf2 68. b5 69. bxc5 70. bxc4 71.
Ra1 72. Qb3 73. Qxb3 74. cxb3 75. Nd4 76. Bd5 77. Rb1 78. g5 79. Nxb3 80. gxf4
81. exf4 82. e5 83. g3 84. exf4 85. gxf4 86. Ra7 87. Nd4 88. Ra2+ 89. Kg1 90.
e3 91. d7 92. Rg2+ 93. Kf1 94. e2+ 95. Nxe2 96. Rg8 97. Rd1 98. Bg2+ 99. Kf2 1-0